000 00691nam a22002412a 4500
001 49879
003 BD-RJUL
005 20211209054737.0
008 160823s1967 nyua b 001 0 eng d
035 _aBD-RJUL 49999
040 _aDLC
_cDLC
_dUKM
_dEQO
_beng
041 _aeng
082 _a370.15
_bLIE 1967
100 1 _aLindgren, Henry Clay,
_d1914-
_9149489
245 1 0 _aEducational psychology in the classroom /
_c Henry Clay Lindgren
250 _a3d ed.
260 _aNew York :
_bWiley,
_c1967
300 _axx, 686 p. :
_bill. ;
_c25 cm
504 _aBibliography: p. 647-677
650 0 _aEducational psychology
_9149490
942 _2ddc
_cBK
999 _c49879
_d49879